UBT Library

The Oxford encyclopedia of economic history / (Record no. 47148)

000 -LEADER
fixed length control field 01049cam a22003134a 4500
001 - CONTROL NUMBER
control field 13170110
005 - DATE AND TIME OF LATEST TRANSACTION
control field 20180814081842.0
008 - FIXED-LENGTH DATA ELEMENTS--GENERAL INFORMATION
fixed length control field 030421s2003 enkab eb 001 0 eng
010 ## - LIBRARY OF CONGRESS CONTROL NUMBER
LC control number 2003008992
020 ## - INTERNATIONAL STANDARD BOOK NUMBER
International Standard Book Number 0195105079 (set)
020 ## - INTERNATIONAL STANDARD BOOK NUMBER
International Standard Book Number 0195170903 (v. 1 : alk. paper)
020 ## - INTERNATIONAL STANDARD BOOK NUMBER
International Standard Book Number 0195170911 (v. 2 : alk. paper)
020 ## - INTERNATIONAL STANDARD BOOK NUMBER
International Standard Book Number 019517092X (v. 3 : alk. paper)
020 ## - INTERNATIONAL STANDARD BOOK NUMBER
International Standard Book Number 0195170938 (v. 4 : alk. paper)
020 ## - INTERNATIONAL STANDARD BOOK NUMBER
International Standard Book Number 0195170946 (v. 5 : alk. paper)
040 ## - CATALOGING SOURCE
Original cataloging agency DLC
Transcribing agency DLC
Modifying agency DLC
041 ## - LANGUAGE CODE
Language code of text/sound track or separate title eng
042 ## - AUTHENTICATION CODE
Authentication code pcc
080 ## - UNIVERSAL DECIMAL CLASSIFICATION NUMBER
Universal Decimal Classification number 330.03 MOK
082 00 - DEWEY DECIMAL CLASSIFICATION NUMBER
Classification number 330.03 MOK
Edition number 21
100 ## - Rafti
Rafti 23
101 ## - Shkurtesa
Shkurtesa ENC
245 04 - TITLE STATEMENT
Title The Oxford encyclopedia of economic history /
Statement of responsibility, etc Joel Mokyr, editor in chief.
246 30 - VARYING FORM OF TITLE
Title proper/short title Encyclopedia of economic history
504 ## - BIBLIOGRAPHY, ETC. NOTE
Bibliography, etc Includes bibliographical references and index.
906 ## - LOCAL DATA ELEMENT F, LDF (RLIN)
a 7
b cbc
c orignew
d 1
e ecip
f 20
g y-gencatlg
942 ## - ADDED ENTRY ELEMENTS (KOHA)
Source of classification or shelving scheme
Item type Books
Holdings
Withdrawn status Lost status Source of classification or shelving scheme Damaged status Not for loan Collection code Permanent location Current location Shelving location Date acquired Total Checkouts Full call number Barcode Date last seen Price effective from Koha item type
          Koleksioni i përgjithshem UBT - Lipjan UBT - Lipjan Koleksioni i përgjithshem 08/14/2018   330.03 MOK 002-3011199 08/14/2018 08/14/2018 Books
          Koleksioni i përgjithshem UBT - Lipjan UBT - Lipjan Koleksioni i përgjithshem 08/14/2018   330.03 MOK 002-3011204 08/14/2018 08/14/2018 Books
          Koleksioni i përgjithshem UBT - Lipjan UBT - Lipjan Koleksioni i përgjithshem 08/14/2018   330.03 MOK 002-3011209 08/14/2018 08/14/2018 Books
          Koleksioni i përgjithshem UBT - Lipjan UBT - Lipjan Koleksioni i përgjithshem 08/14/2018   330.03 MOK 002-3011208 08/14/2018 08/14/2018 Books
          Koleksioni i përgjithshem UBT - Lipjan UBT - Lipjan Koleksioni i përgjithshem 08/14/2018   330.03 MOK 002-3011203 08/14/2018 08/14/2018 Books
UBT Library © 2015-2024. All rights reserved University Education for Business and Technology